|
|
|
|
| LEADER |
00693cam a2200229 7i4500 |
| 001 |
0000015655 |
| 005 |
20090720090000.0 |
| 008 |
070612 eng |
| 020 |
|
|
|a 9781859411698
|
| 020 |
|
|
|a 185941169X (pbk.)
|
| 090 |
0 |
0 |
|a KD1480
|b .C87 1996
|
| 100 |
1 |
|
|a Curzon, L B
|
| 245 |
1 |
0 |
|a Equity & trusts
|c L B Curzon, Barrister.
|
| 250 |
|
|
|a 2nd ed.
|
| 260 |
|
|
|a London:
|b Cavendish Pub. Lim.,
|c 1996.
|
| 300 |
|
|
|a xxxv, 301 p.;
|c 25 cm.
|
| 490 |
0 |
|
|a Lecture notes
|
| 500 |
|
|
|a Includes index
|
| 650 |
0 |
0 |
|a Equity --
|z Great Britain
|
| 650 |
0 |
0 |
|a Trusts and trustees --
|z Great Britain
|
| 700 |
1 |
|
|a Barrister
|
| 999 |
|
|
|a 0000021595
|b BOK
|c OPEN SHELF
|e 1st Floor, Bestari Jaya
|